000 01013nam0a2200289 4500
001 RU\NLR\BIBL_A\011407163
005 20240727020345.0
010 _a9785990977273
_9150
021 _aRU
_b2017-39446
_92876
035 _a(RuMoRGB)008896703
035 _a(NLR Aleph) 011407163
090 _a11538478
_c11538478
100 _a20170616d2017 u y0rusy50 ca
101 0 _arus
102 _aRU
105 _a cbhzz||000zd
200 1 _aПамять сердца
_eсборник рассказов
_fИван Шафиров
210 _aЕкатеринбург
_cАльфа Принт
_d2017
215 _a277, [2] с.
_cил., портр., табл., карт., факс.
_d21
686 _aШ5(2=Р)64-649.1
_2rubbk
686 2 _aШ6(2=Р)8-440.5
700 1 _aШафиров
_bИ. А.
_f1924-
_gИван Апполонович
942 _cBOOK
980 _aNBR